A geek in Japan : (Record no. 195)
[ view plain ]
| 000 -LEADER | |
|---|---|
| fixed length control field | 01981cam a2200433 a 4500 |
| 005 - DATE AND TIME OF LATEST TRANSACTION | |
| control field | 20260322212010.0 |
| 008 - FIXED-LENGTH DATA ELEMENTS--GENERAL INFORMATION | |
| fixed length control field | data |
| 010 ## - LIBRARY OF CONGRESS CONTROL NUMBER | |
| LC control number | 2010040847 |
| 020 ## - INTERNATIONAL STANDARD BOOK NUMBER | |
| International Standard Book Number | 9784805311295 (pbk.) |
| 020 ## - INTERNATIONAL STANDARD BOOK NUMBER | |
| International Standard Book Number | 4805311290 (pbk.) |
| 040 ## - CATALOGING SOURCE | |
| Original cataloging agency | DLC |
| Transcribing agency | DLC |
| Modifying agency | DLC |
| -- | BTCTA |
| -- | YDXCP |
| -- | SINLB |
| -- | TRCLS |
| -- | BWX |
| -- | VP@ |
| -- | DLC |
| 041 1# - LANGUAGE CODE | |
| Language code of text/sound track or separate title | eng |
| Language code of original | spa |
| 043 ## - GEOGRAPHIC AREA CODE | |
| Geographic area code | a-ja--- |
| 050 00 - LIBRARY OF CONGRESS CALL NUMBER | |
| Classification number | DS812 |
| Item number | .G22 2010 |
| 082 00 - DEWEY DECIMAL CLASSIFICATION NUMBER | |
| Classification number | 915.204/5 |
| Edition information | 22 |
| 084 ## - OTHER CLASSIFICATION NUMBER | |
| Classification number | 361.5 |
| Number source | njb/9 |
| 092 ## - LOCALLY ASSIGNED DEWEY CALL NUMBER (OCLC) | |
| Classification number | 915.204 G22 2010 |
| 001 - CONTROL NUMBER | |
| control field | data |
| 100 1# - MAIN ENTRY--PERSONAL NAME | |
| Personal name | García, Héctor, |
| Dates associated with a name | 1981- |
| 240 10 - UNIFORM TITLE | |
| Uniform title | Geek en Japón. |
| Language of a work | English |
| 245 12 - TITLE STATEMENT | |
| Title | A geek in Japan : |
| Remainder of title | [discovering the land of manga, anime, Zen, and the tea ceremony] / |
| Statement of responsibility, etc. | Héctor García. |
| 250 ## - EDITION STATEMENT | |
| Edition statement | 1st English-language ed. |
| 260 ## - PUBLICATION, DISTRIBUTION, ETC. | |
| Place of publication, distribution, etc. | Rutland, Vt. : |
| -- | Rutland, Vt. : |
| Name of publisher, distributor, etc. | Tuttle Pub., |
| Date of publication, distribution, etc. | c2010. |
| 300 ## - PHYSICAL DESCRIPTION | |
| Extent | 160 p. : |
| Other physical details | ill. (some col.), col. maps ; |
| Dimensions | 26 cm. |
| 500 ## - GENERAL NOTE | |
| General note | Subtitle from cover. |
| 500 ## - GENERAL NOTE | |
| General note | First published in Spanish: Barcelona : Norma Editorial, 2008, under title Un geek en Japón. |
| 504 ## - BIBLIOGRAPHY, ETC. NOTE | |
| Bibliography, etc. note | Includes bibliographical references and index. |
| 505 0# - FORMATTED CONTENTS NOTE | |
| Formatted contents note | Origins of Japanese culture -- Traditional arts and disciplines -- Cultural keys -- Curiosities and symbols of Japan -- Japanese companies -- Japanese society and daily life -- Japan today -- Manga and anime -- Music -- Movies and television -- Visiting Tokyo -- Traveling around Japan -- Epilogue. |
| 650 #0 - SUBJECT ADDED ENTRY--TOPICAL TERM | |
| Topical term or geographic name entry element | Young men |
| General subdivision | Travel |
| Geographic subdivision | Japan. |
| 650 #0 - SUBJECT ADDED ENTRY--TOPICAL TERM | |
| Topical term or geographic name entry element | Geeks (Computer enthusiasts) |
| General subdivision | Travel |
| Geographic subdivision | Japan. |
| 650 #0 - SUBJECT ADDED ENTRY--TOPICAL TERM | |
| Topical term or geographic name entry element | Popular culture |
| Geographic subdivision | Japan. |
| 651 #0 - SUBJECT ADDED ENTRY--GEOGRAPHIC NAME | |
| Geographic name | Japan |
| General subdivision | Description and travel. |
| 651 #0 - SUBJECT ADDED ENTRY--GEOGRAPHIC NAME | |
| Geographic name | Japan |
| Form subdivision | Guidebooks. |
| 651 #0 - SUBJECT ADDED ENTRY--GEOGRAPHIC NAME | |
| Geographic name | Japan |
| General subdivision | Social life and customs. |
| 651 #0 - SUBJECT ADDED ENTRY--GEOGRAPHIC NAME | |
| Geographic name | Japan |
| General subdivision | Civilization. |
| 906 ## - LOCAL DATA ELEMENT F, LDF (RLIN) | |
| a | 7 |
| b | cbc |
| c | orignew |
| d | 1 |
| e | ecip |
| f | 20 |
| g | y-gencatlg |
| 925 0# - | |
| -- | acquire |
| -- | 2 shelf copies |
| -- | policy default |
| 955 ## - COPY-LEVEL INFORMATION (RLIN) | |
| -- | xj11 2012-02-15 to BCCD |
| -- | rd05 2010-10-08 |
| -- | xj11 2012-02-15 Z-CipVer |
| -- | xj11 2012-02-15 to BCCD |
| Withdrawn status | Lost status | Damaged status | Not for loan | Home library | Current library | Shelving location | Date acquired | Total checkouts | Full call number | Barcode | Date last seen | Price effective from | Koha item type |
|---|---|---|---|---|---|---|---|---|---|---|---|---|---|
| Franklin | Franklin | General stacks | 22/03/2026 | 915.204/5 22 | BC0010202 | 22/03/2026 | 22/03/2026 | Books |